Environmental biotechnology

Bibliographic Details
Main Authors: Bhattacharyya, Bimal C. (Author), Banerjee, Rintu (Author)
Format: Book
Language:English
Published: New Delhi : Oxford , 2007
Subjects:

MARC

LEADER 00000cam a2200000 7i4500
001 0000058607
005 20090208093000.0
008 090202s ii eng
020 |a 9780195687828 
020 |a 0195687825 
090 0 0 |a TD177   |b .B48 2007 
100 1 |a Bhattacharyya, Bimal C. ,   |e author 
245 1 0 |a Environmental biotechnology   |c Bimal C. Bhattacharyya, Rintu Banerjee 
260 |a New Delhi :   |b Oxford ,   |c 2007 
300 |a 338 p. :   |b ill. ;   |c 25cm. 
504 |a Includes bibliographical references and index 
505 0 |a 1. Introduction -- 2. Classification and characterization of wastes -- 3. Scientific aspects of biological waste treatment or biofuel production -- 4. Analtical tecniques for environmental monitoring -- 5.Stoichiometry and design kineticts for waste treatment processes -- 6. Design of bioreactors for liquid waste treatment -- 7. Solid waste management -- 8. Economical and sosial aspects of waste treatment 
650 0 |a Environmental protection 
650 0 |a Pollution   |x Environmental aspects 
650 0 |a Biotechnology 
700 1 |a Banerjee, Rintu ,   |e author 
999 |a 1000120265   |b Book   |c OPEN SHELF (30 DAYS)   |e Tembila Campus